Sports Quiz

Random Sports or NHL Quiz

First 10 NHL Draft Picks (1991-2010) Quiz Stats

 Plays Quiz not verified by Sporcle

Score 0/200 Timer 20:00
0 Plays Today
Year Player % Correct
2007Patrick Kane
94.1%
2009Evander Kane
94.1%
2004Alexander Ovechkin
93.5%
2009John Tavares
93.5%
2005Sidney Crosby
93%
2010Taylor Hall
93%
2001Ilya Kovalchuk
92.8%
2008Steven Stamkos
92.6%
2002Rick Nash
92%
2004Evgeni Malkin
91.3%
1997Joe Thornton
90.9%
1998Vincent Lecavalier
90.7%
2003Marc-Andre Fleury
90.1%
1999Daniel Sedin
89.6%
1999Henrik Sedin
89.6%
2003Eric Staal
89.6%
2006Jordan Staal
89.6%
2006Erik Johnson
89.2%
2005Jack Johnson
89%
2006Jonathan Toews
88.8%
2010Tyler Seguin
88.6%
2000Rick DiPietro
86.5%
2000Dany Heatley
86.1%
1991Eric Lindros
85%
1994Brett Lindros
84.6%
2008Drew Doughty
84.6%
2009Victor Hedman
84.3%
1997Patrick Marleau
84.1%
2000Marian Gaborik
81.2%
2006Nicklas Backstrom
80.8%
1995Terry Ryan
80.6%
2005Bobby Ryan
80.6%
2009Matt Duchene
80.6%
1993Alexandre Daigle
79.9%
2001Jason Spezza
78.7%
1999Patrik Stefan
78.2%
1993Chris Pronger
75.1%
1996Chris Phillips
74.8%
2007James Van Riemsdyk
74.6%
1998David Legwand
71.5%
2009Brayden Schenn
70%
1992Roman Hamrlik
69.8%
2008Luke Schenn
69.8%
1994Ed Jovanovski
69.3%
1995Bryan Berard
69.1%
1992Alexei Yashin
68.9%
2007Kyle Turris
68.1%
2005Carey Price
67.9%
1993Paul Kariya
67.6%
1991Scott Niedermayer
67.4%
1993Rob Niedermayer
67.4%
2003Nathan Horton
67.4%
2006Phil Kessel
66.6%
1997Roberto Luongo
65.5%
1991Peter Forsberg
65.3%
2009Nazem Kadri
64.7%
2008Alex Pietrangelo
64.5%
2008Zach Bogosian
64.1%
1997Olli Jokinen
63.9%
2003Thomas Vanek
63.8%
2010Jeff Skinner
63.4%
2002Jay Bouwmeester
61.3%
1995Wade Redden
61.1%
1995Aki Berg
60.2%
2002Kari Lehtonen
60%
2001Mikko Koivu
59.8%
2003Ryan Suter
59.4%
Year Player % Correct
2001Stephen Weiss
58.4%
2003Dion Phaneuf
56.5%
2010Brett Connolly
55.4%
1999Tim Connolly
55.2%
2010Erik Gudbranson
55%
1991Pat Falloon
54.8%
2009Oliver Ekman-Larsson
54.3%
2004Cam Barker
54.1%
2003Nikolai Zherdev
53.1%
1994Ryan Smyth
51.6%
2000Rostislav Klesla
51.4%
2007Sam Gagner
51%
2008Nikita Filatov
50.9%
2002Ryan Whitney
50.1%
2010Ryan Johansen
48.2%
2006Kyle Okposo
48%
1995Shane Doan
47.6%
2007Karl Alzner
47.6%
2004Andrew Ladd
46.7%
2010Nino Niederreiter
46.7%
2008Cody Hodgson
45.9%
2007Thomas Hickey
45.7%
2007Jakub Voracek
45.5%
2005Benoit Pouliot
45%
2008Colin Wilson
44.8%
2007Logan Couture
44.6%
2006Derick Brassard
44%
2009Magnus Paajarvi
43.3%
1999Pavel Brendl
42.5%
1993Jason Arnott
42.1%
2010Aleksandr Burmistrov
42.1%
2008Mikkel Boedker
41.9%
2008Josh Bailey
41.7%
2004Blake Wheeler
41.4%
1994Radek Bonk
41.2%
1998Brad Stuart
41.2%
2005Devin Setoguchi
40.4%
2003Andrei Kostitsyn
40.2%
1994Oleg Tverdovsky
40%
2001Alexandr Svitov
40%
1993Chris Gratton
39.7%
2003Milan Michalek
39.7%
1997Sergei Samsonov
38.3%
2010Mikael Granlund
38.3%
2002Joni Pitkanen
37.4%
1991Aaron Ward
36.4%
1996Lance Ward
36.4%
2009Jared Cowen
36.2%
2010Dylan McIlrath
36.2%
2004Al Montoya
36.1%
2005Brian Lee
36.1%
2005Gilbert Brule
35.5%
2001Stanislav Chistov
34.7%
2003Braydon Coburn
34.3%
2009Scott Glennie
34.3%
2000Scott Hartnell
34.2%
2002Pierre-Marc Bouchard
34.2%
2006Peter Mueller
34.2%
2005Jack Skille
33.6%
2005Luc Bourdon
33.2%
1993Viktor Kozlov
31.1%
1996JP Dumont
31.1%
2001Tuomo Ruutu
30.9%
2000Raffi Torres
29.8%
1996Andrei Zyuzin
29.4%
2001Dan Blackburn
29.4%
2006Michael Frolik
29%
Year Player % Correct
2007Zach Hamill
28.8%
2001Pascal Leclaire
28.7%
1995Daymond Langkow
28.5%
1994Jason Bonsignore
27.9%
1992Mike Rathje
27.7%
1998Bryan Allen
27.7%
1997Eric Brewer
27.1%
2006James Sheppard
26.8%
2002Joffrey Lupul
26.2%
2004Rostislav Olesz
25.4%
1994Jeff O'Neill
25.2%
1996Richard Jackman
24.5%
2001Mike Komisarek
23.5%
1991Scott Lachance
22.8%
2002Scottie Upshall
22.8%
1998Nik Antropov
22.4%
2004Ladislav Smid
21.3%
2007Keaton Ellerby
21.1%
1995Chad Kilger
20.7%
1999Brian Finley
20.7%
1995Radek Dvorak
20.5%
1999Jamie Lundmark
20.5%
1998Mark Bell
19.7%
1992Cory Stillman
19.4%
1993Jocelyn Thibault
19.2%
1995Steve Kelly
19.2%
1996Alexandre Volchkov
19.2%
2004Alexandre Picard
19%
1999Taylor Pyatt
18.8%
2000Lars Jonsson
17.8%
2000Brent Krahn
17.8%
1998Rico Fata
16.3%
1998Vitaly Vishnevsky
15.6%
1993Niklas Sundstrom
15%
1999Branislav Mezei
14.8%
1992Todd Warriner
14.4%
2004Boris Valabik
14.4%
1999Kris Beech
14%
1991Alek Stojanov
13.5%
1994Jamie Storr
13.5%
2000Nikita Alexeev
13.3%
1991Martin Lapointe
13.1%
1992Darius Kasparaitis
13.1%
1995Kyle McLaren
12.5%
2002Eric Nystrom
12.5%
1993Todd Harvey
12.3%
1997Daniel Tkaczuk
12.3%
2000Mikhail Yakubov
12%
1997Nick Boynton
11.8%
1992Ryan Sittler
11.6%
1996Ruslan Salei
11.2%
1998Michael Rupp
11.2%
2002Petr Taticek
9.7%
1991Patrick Poulin
8.9%
1996Boyd Devereaux
8%
1996Erik Rasmussen
8%
1997Paul Mara
7.6%
1997Brad Ference
7.6%
1992Andrei Nazarov
7.2%
1992Brandon Convery
6.8%
1998Manny Malholtra
6.3%
1991Richard Matvichuk
6.1%
1994Nolan Baumgartner
5.9%
1994Jason Wiemer
5.5%
1996Johnathan Aitken
5.3%
1992Robert Petrovicky
4.7%

You're not logged in!

Compare scores with friends on all Sporcle quizzes.
OR
Log In

Show Comments

Extras

Created Nov 18, 2010ReportNominate
Tags:Hockey Quiz, NHL Quiz

Top Quizzes Today


Score Distribution

Your Account Isn't Verified!

In order to create a playlist on Sporcle, you need to verify the email address you used during registration. Go to your Sporcle Settings to finish the process.

Report this User

Report this user for behavior that violates our Community Guidelines.

Details: